000 00842nam a22002177a 4500
999 _c370799
_d370799
008 201130b ||||| |||| 00| 0 eng d
040 _bger
_cDE-2950
_erda
_aDE-2950
041 _ager
100 _aBecker, Denny:
245 _aVerschimmelte Bauakten gerettet.
_bStadtarchiv: Wer ältere Gebäude saniert, kommt um die Einsicht in historische Unterlagen nicht herum. In Frankfurt drohten diese verloren zu gehen /
_cDenny Becker
264 _c2021
653 _aFrankfurt (Oder)
653 _aStadtarchiv
653 _aAktenbestand der Magistratsbauverwaltung
653 _aRestaurierung
773 _dFrankfurt (Oder): Märkisches Verlags- und Druckhaus GmbH & Co KG
_g32. Jahrgang (2021) Nr. 214 vom 14.09.2021, S. 16
_tMärkische Oderzeitung
942 _cA